| 000 | 00582nam a2200217Ia 4500 | ||
|---|---|---|---|
| 005 | 20250923150023.0 | ||
| 008 | 008 250917s9999 xx 000 0 eng d | ||
| 037 | _aTextual | ||
| 040 |
_aDSWL _beng _cDSWL |
||
| 041 |
_aeng _2eng |
||
| 084 |
_aS:87, N98 _qDSWL |
||
| 100 |
_aKeni, Ramakant _9841366 |
||
| 245 | 0 |
_aPsychic healing : My personal experience _c by Ramakant Keni |
|
| 250 | _a3rd | ||
| 260 |
_aBombay _b Somaiya _c1998 |
||
| 300 | _a115 p. | ||
| 365 |
_aINR _b150.00 |
||
| 925 | _g150.00 | ||
| 942 |
_cTEXL _hS:87, N98 |
||
| 999 |
_c1458601 _d1458601 |
||